00705nam a2200181Ia 4500001001000000003000500010008004100015010001100056040000900067082001800076110007300094245021200167250002400379260003700403300001100440650004500451650002700496Para_6832CHAP220125s1985 xx 000 0 und d a205628 cCHAP aPA 630.72 I55 aInstituto Nacional de Investigaciones Agrícolas. México (CIAPAN) aGuía para la asistencia técnica agrícola :b área de influencia del Campo Agrícola Experimental Valle de Culiacán (cultivos de temporal) /cpor Instituto Nacional de Investigaciones Agrícolas a2 corr. y aummentad aMéxico, D.F. :b INIA. CIAPAN a132 p. aAgricultura x investigacion x Sinaloa  aAgricultura x Sinaloa